000 01560cab a22003015a 4500
001 L145552
008 081021e20081018xxka f g 000 0 eng d
035 _a(Sirsi) u145552
041 0 _aeng
100 1 _aLal, Hamish
245 0 4 _aThe missing link
260 _c2008
490 _aEstates Gazette
_v(0841) 18 October 2008, 148-150(2)
520 _aLegal article looks at the importance of securities in relation to protecting the cash flow of developers and funders in the event of a link in the development chain becoming insolvent. Discusses the range of securities used, including on-demand bonds, proven default bonds, retention bonds and guarantees and personal guarantees.
590 _aKA
650 2 4 _aCARGILL INTERNATIONAL SA V BANGLADESH SUGAR AND FOOD INDUSTRIES CORPORATION
650 2 4 _aEDWARD OWEN ENGINEERING LTD V BARCLAYS BANK INTERNATIONAL LTD
650 2 4 _aHLC ENGENHARIA E GESTAO DE PROJECTOS SA V ABN AMRO BANK NV
650 2 4 _aSAFEWAY STORES LTD V INTERSERVE PROJECT SERVICES LTD (FORMERLY TILBURY DOUGLAS CONSTRUCTION LTD)
650 2 4 _aTRADE INDEMNITY CO LTD V WORKINGTON HARBOUR & DOCK BOARD
650 2 4 _aACTIONSTRENGTH LTD V INTERNATIONAL GLASS ENGINEERING INGL EN SPA AND ANOTHER
650 2 4 _aALFRED MCALPINE CONSTRUCTION LTD V UNEX CORPORATION
650 2 4 _aALLIED MAPLES GROUP LTD V SIMMONS AND SIMMONS
650 2 4 _aA STRAUME (UK) LTD V BRADLOR DEVELOPMENTS LTD
651 4 _aUnited Kingdom
_y
690 _aBUILT ENVIRONMENT-BUILDING CONTRACT FORMS-CONSTRUCTION COLLATERAL WARRANTY FORMS
942 _n0
999 _c80869
_d80869